| 000 | 00600nam a22001937a 4500 | ||
|---|---|---|---|
| 999 |
_c165760 _d165760 |
||
| 005 | 20230125113713.0 | ||
| 010 | _aUR-10273 | ||
| 020 |
_a9789388736237 _c200.00 |
||
| 035 | _aU-8828 | ||
| 037 | _bDBAD/PUB | ||
| 082 | _aن | ||
| 100 | _aپيغا م آ فا قی | ||
| 245 |
_aد و ست / _cپيغا م آ فا قی |
||
| 246 |
_bDost (Urdu) / _aby Paigham Afaqui |
||
| 260 |
_a Delhi _bEducational Publishing House _c2018 ء |
||
| 270 |
_a3191،Vakil Street,Kucha Pandit,Lal Kuan, _bDelhi _e110006 _k23216162 _l00911123211540 |
||
| 300 |
_a188ص _c22cm(Hb) |
||
| 942 |
_2ddc _cUR _hن _mآ ف ا |
||